|
|
|
|
| LEADER |
01030nam a2200277 a 4500 |
| 001 |
3431030 |
| 008 |
091103s1997 enka b 001 0 eng d |
| 010 |
|
|
|a 91002716
|
| 020 |
|
|
|a 0415164524 (hbk)
|
| 020 |
|
|
|a 0415164532 (pbk)
|
| 020 |
|
|
|a 0415061628
|
| 040 |
|
|
|a DLC
|c DLC
|d DLC
|
| 082 |
0 |
0 |
|a 338.941
|2 20
|
| 100 |
1 |
|
|a Beesley, M. E.
|
| 245 |
1 |
0 |
|a Privatization, regulation and deregulation /
|c M.E. Beesley.
|
| 250 |
|
|
|a 2nd ed.
|
| 260 |
|
|
|a London ;
|a New York :
|b Routledge,
|c 1997.
|
| 300 |
|
|
|a xi, 496 p. :
|b ill. ;
|c 25 cm.
|
| 500 |
|
|
|a "Published in association with the Institute of Economic Affairs."
|
| 504 |
|
|
|a Includes bibliographical references and indexes.
|
| 541 |
1 |
|
|e 00011164
|
| 650 |
|
0 |
|a Privatization
|z Great Britain.
|
| 710 |
2 |
|
|a Institute of Economic Affairs (Great Britain)
|
| 852 |
4 |
|
|a Ayesha Abed Library
|j General Shelf
|
| 999 |
|
|
|c 8036
|d 8036
|
| 952 |
|
|
|0 0
|1 0
|2 ddc
|4 0
|6 338_941000000000000_BEE_1997
|7 0
|9 9112
|a BRACUL
|b BRACUL
|c GEN
|d 2010-04-08
|l 0
|o 338.941 BEE
|p 3010011164
|r 2010-04-08
|t 1
|w 2010-04-08
|y BK
|